Gespräche In Dem Reiche derer Todten, Zwischen Dem König von Castilien und Leon, Henrico IV. Sonst der Unvermögende genannt, weil es ihm an männlichen Kräfften zum Kinder-zeugen ermangelt, Und Dem letztverstorbenen Groß-Hertzog von Florentz, Cosmo III. : Worinnen die gantz sonderbare Historie beyder grosser Printzen, und die seltsame Aufführung des Erstern, in Ansehung seines Ehe-Bettes, nebst vielen andern wunderlichen Dingen, enthalten. Samt dem Kern derer neuesten Merckwürdigkeiten, und darüber gemachten curieusen Reflexionen Neun und Sechzigste Entrevuë

Bibliographic Details
Main Author: Fassmann, David, 1683 - 1744 (Author)
Format: Book
Language:German
PhysicalDescription:3 nečíslované strany, strany 316 - 390, 2 nečíslované strany ilustrácia 4°
Published: Leipzig bey denen Cörnerischen Erben, unter Herrn Johann Schwabens Hause, in der Grimmischen Gasse 1724
Subjects:

MARC

LEADER 00000nam a2200000 4500
001 vtls012281175
003 SK-MaSNL
005 20260302063359.0
008 250808s1724 gw a f 000 0 ger
015 |a SNBHFA 
040 |a SNKHF  |b slo  |c SNKHF  |e rda 
041 0 |a ger 
044 |a gw  |c DE 
072 7 |a 82  |x Literatúra. Literárny život  |2 konspekt 
080 |a 82  |2 2011 
080 |a (047.53)  |2 2011 
100 1 |a Fassmann, David,  |d 1683 - 1744  |4 aut  |9 373861 
245 1 0 |a Gespräche In Dem Reiche derer Todten, Zwischen Dem König von Castilien und Leon, Henrico IV. Sonst der Unvermögende genannt, weil es ihm an männlichen Kräfften zum Kinder-zeugen ermangelt, Und Dem letztverstorbenen Groß-Hertzog von Florentz, Cosmo III. : Worinnen die gantz sonderbare Historie beyder grosser Printzen, und die seltsame Aufführung des Erstern, in Ansehung seines Ehe-Bettes, nebst vielen andern wunderlichen Dingen, enthalten. Samt dem Kern derer neuesten Merckwürdigkeiten, und darüber gemachten curieusen Reflexionen   |n Neun und Sechzigste Entrevuë 
264 1 |a Leipzig  |b bey denen Cörnerischen Erben, unter Herrn Johann Schwabens Hause, in der Grimmischen Gasse  |c 1724 
300 |a 3 nečíslované strany, strany 316 - 390, 2 nečíslované strany  |b ilustrácia  |c 4° 
336 |a text  |b txt  |2 rdacontent 
337 |a bez média  |b n  |2 rdamedia 
338 |a zväzok  |b nc  |2 rdacarrier 
500 |a Signet, vinety, vlysy, ozdobná iniciálka s ornamentálnym pozadím na 9 riadkov 
501 |a Príväzok 4. k: FASMANN, David. Gespräche In Dem Reiche derer Todten. Fünff und Sechzigste Entrevuë. Leipzig: bey denen Cörnerischen Erben, unter Hrn. Joh. Schwabens Haus, in der Grimmischen Gasse. 1724. 4°.  |5 SNK IC 146461/65-80 
504 |a Kustody 
546 |a Nemčina  |b Fraktura 
600 0 |a Henrich  |b IV.,  |c francúzsky kráľ,  |d 1553-1610  |2 SNKMA  |9 128203 
600 0 |a Cosimo  |b III.,  |d 1553-1610  |2 SNKMA  |9 724529 
650 0 7 |a literatúra  |2 SNKPH  |9 1427 
655 7 |a rozhovory  |2 SNKPH  |9 31831 
700 1 |a Koerner, Johann Christian,  |c dedičia  |4 pbl  |9 373919 
710 0 0 |a Koerner, Johann Christian - dedičia (Lipsko, Nemecko),  |d 1701 - 1724  |4 pbl  |9 373921 
752 |a Nemecko  |d Lipsko 
852 |a snk  |b Zaiova knižnica  |p IC 146461/65-80/prív.4 
958 |a DD 
958 |a ONDV 
999 |c 1132467  |d 1134397 
952 |t Zay 11176; Z 12704  |a SNK  |b SNK  |c SNK_HF  |y PREZ  |7 0  |p 17A1567938  |o snkIC 146461/65-80/prív.4  |i snk2025/12881  |8 5  |0 0  |1 0  |4 0  |d 2025-08-08  |l 0  |r 2026-02-24 19:07:12  |w 2026-02-24